Statistics for States of Argentina

Click here to take the quiz!

General Stats

  • This quiz has been taken 63 times
    (53 since last reset)
  • The average score is 11 of 22

Answer Stats

Answer% Correct
Buenos Aires
100%
Mendoza
66%
Cordoba
64%
Rio Negro
57%
Chubut
55%
Formosa
55%
Jujuy
52%
Misiones
52%
Misiones
52%
Salta
52%
Santa Fe
52%
Entre Ríos
50%
Chaco
48%
Corrientes
45%
La Pampa
45%
La Rioja
45%
Santa Cruz
45%
Tucumán
45%
San Juan
39%
Catamarca
36%
Santiago del Estero
36%
Tierra de Fuego
18%

Score Distribution

Percentile by Number Answered

Percent of People with Each Score

Your Score History

You have not taken this quiz since the last reset